000 nam a22 7a 4500
999 _c8958
_d8958
005 20200331073755.0
008 200331b xxu||||| |||| 00| 0 eng d
020 _a9780062433497
_bhard bound
040 _beng
_cAPEC Schools Library
_erda
082 _aC 576.82092
_bW746c 2017
100 _aWilson, A.N.
245 _aCharles Darwin : Victorian mythmaker /
_cA.N. Wilson
264 _aNew York, NY :
_bHarperCollins,
_c©2017.
300 _a438 pages :
_bcolored illustrations ;
336 _2rdacontent
_atext
337 _2rdamedia
_aunmediated
338 _2rdacarrier
_avolume
504 _aIncludes bibliographical references and index.
600 _aDarwin, Charles,
_d1809-1882.
650 _aNaturalists.
651 _aGreat Britain.
942 _2ddc
_cNFIC